Schaum's outlines Statistics (Record no. 1482)

MARC details
000 -LEADER
fixed length control field 00321nam a2200133Ia 4500
008 - FIXED-LENGTH DATA ELEMENTS--GENERAL INFORMATION
fixed length control field 191201s2005 xx 000 0 und d
082 ## - DEWEY DECIMAL CLASSIFICATION NUMBER
Classification number 658.81
Item number SPS
100 ## - MAIN ENTRY--PERSONAL NAME
Personal name Spiegel, Murray
245 #0 - TITLE STATEMENT
Title Schaum's outlines Statistics
260 ## - PUBLICATION, DISTRIBUTION, ETC. (IMPRINT)
Place of publication, distribution, etc N.Delhi
Name of publisher, distributor, etc TMH
Date of publication, distribution, etc 2005
300 ## - PHYSICAL DESCRIPTION
Extent 538
650 ## - SUBJECT ADDED ENTRY--TOPICAL TERM
Topical term or geographic name as entry element B.Tech(CSE)
942 ## - ADDED ENTRY ELEMENTS (KOHA)
Source of classification or shelving scheme Dewey Decimal Classification
Koha item type Text Books
942 ## - ADDED ENTRY ELEMENTS (KOHA)
-- 1
Holdings
Withdrawn status Lost status Source of classification or shelving scheme Damaged status Not for loan Collection code Home library Current library Date acquired Source of acquisition Cost, normal purchase price Bill Number Total Checkouts Full call number Acc. no. / Barcode Date last seen Bill Date Koha item type Date last borrowed
    Dewey Decimal Classification     Applied Sc. PIET C-LIBRARY PIET C-LIBRARY 01/09/2006 M/s UBS, Delhi 225.00 125382   658.81 SPS 2463 04/12/2019 22/08/2005 Text Books  
    Dewey Decimal Classification     Applied Sc. PIET C-LIBRARY PIET C-LIBRARY 01/09/2006 M/s UBS, Delhi 225.00 125382 4 530 SPS 2464 28/03/2024 22/08/2005 Text Books 14/03/2024
    Dewey Decimal Classification     Applied Sc. PIET C-LIBRARY PIET C-LIBRARY 01/09/2006 M/s UBS, Delhi 225.00 125382 8 530 SPS 2465 10/12/2024 22/08/2005 Text Books 13/11/2024

Design & Developed by: PIET Central Library
R70 Miles Stone Pattikalyana Samalkha Panipat 132102
mail ID :- [email protected], Phone No:- 0180-2569700 Ex.216